| 000 | 00661nam a2200205Ia 4500 | ||
|---|---|---|---|
| 005 | 20250507130358.0 | ||
| 008 | 008 250505s9999 xx 000 0 eng d | ||
| 020 | _a0-8213-6745-5 | ||
| 037 | _aAnnuals, Advances | ||
| 040 |
_aEASL _beng _cEASL |
||
| 041 |
_aeng _2eng |
||
| 084 |
_aX:275.49B.P05, P7 _qEASL |
||
| 100 |
_aGill Indermit Au. _9665484 |
||
| 245 | 0 | _aEast Asian Visions : Perspectives on Economic Development | |
| 260 |
_aUSA _bWashington D.C. The World Bank _c2007 |
||
| 300 | _aix,358p. | ||
| 700 |
_aHuang Yukon Au.Homi Kharas Au. _9755297 |
||
| 942 |
_cTEXL _hX:275.49B.P05, P7 |
||
| 999 |
_c1319349 _d1319349 |
||